|
|
|
|
| LEADER |
00000nam0a2200000 4500 |
| 001 |
195971 |
| 005 |
20231031182943.0 |
| 035 |
|
|
|a (RuTPU)RU\TPU\book\213792
|
| 090 |
|
|
|a 195971
|
| 100 |
|
|
|a 20110517d1973 k y0rusy50 ca
|
| 101 |
0 |
|
|a rus
|
| 102 |
|
|
|a RU
|
| 105 |
|
|
|a y z 001zy
|
| 200 |
1 |
|
|a Излучение релятивистских электронов
|f В. Н. Байер, В. М. Катков, В. С. Фадин
|
| 210 |
|
|
|a Москва
|c Атомиздат
|d 1973
|
| 215 |
|
|
|a 376 с.
|
| 320 |
|
|
|a Библиогр.: с. 369-372.
|
| 610 |
1 |
|
|a электромагнитные явления
|
| 610 |
1 |
|
|a тормозное излучение
|
| 610 |
1 |
|
|a излучение
|
| 610 |
1 |
|
|a заряженные частицы
|
| 610 |
1 |
|
|a квантовая электродинамика
|
| 610 |
1 |
|
|a фотоны
|
| 610 |
1 |
|
|a поляризация
|
| 610 |
1 |
|
|a релятивистские электроны
|
| 610 |
1 |
|
|a рождение пар
|
| 675 |
|
|
|a 539.124
|v 3
|
| 700 |
|
1 |
|a Байер
|b В. Н.
|g Владимир Николаевич
|
| 701 |
|
1 |
|a Катков
|b В. М.
|g Валерий Михайлович
|
| 701 |
|
1 |
|a Фадин
|b В. С.
|g Виктор Сергеевич
|
| 801 |
|
1 |
|a RU
|b 63413507
|c 20110517
|
| 801 |
|
2 |
|a RU
|b 63413507
|c 20120222
|g RCR
|
| 942 |
|
|
|c BK
|